000 nam a22 7a 4500
999 _c7759
_d7759
008 171006b xxu||||| |||| 00| 0 eng d
100 _94237
_aKapoor.etal
245 _aIndian History-XII
260 _aNew Delhi
_bJPH
_c2009